| 000 | 00476nam a22001697a 4500 | ||
|---|---|---|---|
| 005 | 20210926155151.0 | ||
| 037 | _aBC_338 46 | ||
| 040 |
_aBC-ENSA _bfre |
||
| 041 | _afre | ||
| 110 | _aComité inter-africain d’études hydraulique | ||
| 245 |
_aTechnique rurales en afrique _nVol. 8 _ples petits barrages en terre |
||
| 260 |
_aFrance _bSOGETHA _c1968 |
||
| 300 |
_a170 p. _bill. _c27 cm |
||
| 562 | _e2 exemplaire(s) | ||
| 653 | _aCLIMAT/HYDROLOGIE/SOL/AFRIQUE | ||
| 942 | _c09 | ||
| 999 |
_c33646 _d61644 |
||